| 000 | 01133cam a2200289 i 4500 | ||
|---|---|---|---|
| 999 |
_c234339 _d234339 |
||
| 001 | 836374 | ||
| 003 | Nust | ||
| 005 | 20170318133134.0 | ||
| 008 | 770908s1976 enk b 000 1 eng | ||
| 010 | _a 77361835 | ||
| 020 | _a9780140431063 | ||
| 040 |
_aDLC _cDLC _dDLC |
||
| 050 | 0 | 0 |
_aPZ3.P752 _bSb3 _aPS2612 |
| 082 | 0 | 0 |
_a813.3 _bPOE |
| 100 | 1 |
_aPoe, Edgar Allan, _d1809-1849. |
|
| 240 | 1 | 0 |
_aSelected works. _f1976 |
| 245 | 1 | 4 |
_aThe science fiction of Edgar Allan Poe / _ccollected and edited with an introduction and commentary by Harold Beaver. |
| 260 |
_aHarmondsworth : _bPenguin, _c1976. |
||
| 300 |
_axxvi, 429 p. ; _c19 cm. |
||
| 490 | 0 | _aPenguin English library | |
| 504 | _aBibliography: p. xxv-[xxvi] | ||
| 650 | 0 | _aScience fiction, American. | |
| 700 | 1 | _aBeaver, Harold Lowther. | |
| 856 | 4 | 2 |
_3Publisher description _uhttp://www.loc.gov/catdir/enhancements/fy1504/77361835-d.html |
| 856 | 4 | 2 |
_3Contributor biographical information _uhttps://www.loc.gov/catdir/enhancements/fy1701/77361835-b.html |
| 906 |
_a7 _bcbc _corignew _d4 _encip _f19 _gy-gencatlg |
||
| 942 |
_2ddc _cBK |
||